ស្ថិតិព្រៃឈើ Forest statistics (Record no. 9156)

000 -LEADER
fixed length control field 00286nam a22001217a 4500
040 ## - CATALOGING SOURCE
Transcribing agency HS
082 ## - DEWEY DECIMAL CLASSIFICATION NUMBER
Classification number 338
100 ## - MAIN ENTRY--AUTHOR NAME
Personal name តុប ពេជ
245 ## - TITLE STATEMENT
Title ស្ថិតិព្រៃឈើ Forest statistics
260 ## - PUBLICATION, DISTRIBUTION, ETC. (IMPRINT)
Place of publication RUA
Name of publisher តុប ពេជ
Year of publication 1998
300 ## - PHYSICAL DESCRIPTION
Number of Pages 82p;
942 ## - ADDED ENTRY ELEMENTS (KOHA)
Koha item type សៀវភៅភាសាខ្មែរ
952 ## - LOCATION AND ITEM INFORMATION (KOHA)
Withdrawn status [LOCAL, KOHA] 0
952 ## - LOCATION AND ITEM INFORMATION (KOHA)
Withdrawn status [LOCAL, KOHA] 0
Holdings
Permanent Location Date acquired Koha item type Lost status Shelving location Barcode Current Location Full call number
Library Block C2016-08-25សៀវភៅភាសាខ្មែរ C078RUA44008Library Block C338 តុប 1998 C078
Library Block C2016-08-25សៀវភៅភាសាខ្មែរ C191RUA046858Library Block C338 តុប 1997 C191
មជ្ឈមណ្ឌលឯការនៃសាកលវិទ្យាល័យភូមិន្ទកសិកម្មចំការដូង

Powered by Koha